| 000 | 00520nam a2200181 4500 | ||
|---|---|---|---|
| 001 | 126130 | ||
| 003 | ES-MaACL | ||
| 005 | 20230906192748.0 | ||
| 007 | t| | ||
| 008 | 070214s1969 sp r ||||1| spa d | ||
| 100 | 1 |
_aReiss, Ira L. _996083 |
|
| 245 | 1 | 0 |
_aHacia una sexualidad racional / _cIra L. Reiss ; traducido por José Luis Lana. |
| 250 | _a1ª ed. | ||
| 260 |
_aBarcelona : _bFontanella, _c1969. |
||
| 300 |
_a239 p. ; _c19 cm. |
||
| 700 | 1 |
_aLana, José Luis. _969884 |
|
| 852 |
_aES-MaACL _jC-35925 _bR.69445 |
||
| 999 |
_c126130 _d126130 |
||